MARC details
| 000 -LEADER |
| campo de control de longitud fija |
03082nam a2200421 i 4500 |
| 001 - NÚMERO DE CONTROL |
| campo de control |
114182 |
| 003 - IDENTIFICADOR DE NÚMERO DE CONTROL |
| campo de control |
mxcmmo |
| 005 - FECHA Y HORA DE LA ÚLTIMA TRANSACCIÓN |
| campo de control |
20260409062601.0 |
| 008 - DATOS DE LONGITUD FIJA--INFORMACIÓN GENERAL |
| campo de control de longitud fija |
251022e2024 mx bd||| |||| 000 0 spa d |
| 020 ## - NÚMERO INTERNACIONAL ESTÁNDAR DEL LIBRO |
| Número Internacional Estándar del Libro |
9786073097826 |
| 035 ## - NÚMERO DE CONTROL DEL SISTEMA |
| Número de control de sistema |
251443 |
| 040 ## - FUENTE DE CATALOGACIÓN |
| Centro catalogador/agencia de origen |
mxcmmo |
| Lengua de catalogación |
spa |
| Centro/agencia transcriptor |
mxcmmo |
| Normas de descripción |
rda |
| 041 ## - CÓDIGO DE IDIOMA |
| Código de lengua del texto/banda sonora o título independiente |
spa |
| 043 ## - CÓDIGO DE ÁREA GEOGRÁFICA |
| Código de área geográfica |
n-mx--- |
| 045 ## - PERIODO DE TIEMPO DEL CONTENIDO |
| Código de periodo de tiempo |
y1y2 |
| 082 04 - NÚMERO DE LA CLASIFICACIÓN DECIMAL DEWEY |
| Clasificación |
362.1 |
| Número de ítem |
DES.d |
| 245 00 - MENCIÓN DEL TÍTULO |
| Título |
Desafíos de género y territoriales en la inequidad en salud |
| Resto del título |
: propuestas de políticas transformadoras / |
| Mención de responsabilidad, etc. |
Abraham Granados Martínez (coordinador) ; Ana Escoto Castillo, Iván Alcántara Santoyo, Uberto Salgado Nieto [y otros] |
| 250 ## - MENCION DE EDICION |
| Mención de edición |
Primera edición |
| 264 #1 - PRODUCCIÓN, PUBLICACIÓN, DISTRIBUCIÓN, FABRICACIÓN Y COPYRIGHT |
| Producción, publicación, distribución, fabricación y copyright |
Ciudad de México : |
| Nombre del de productor, editor, distribuidor, fabricante |
Universidad Nacional Autónoma de México, Instituto de Investigaciones Económicas, |
| Fecha de producción, publicación, distribución, fabricación o copyright |
2024 |
| 300 ## - DESCRIPCIÓN FÍSICA |
| Extensión |
242 páginas : |
| Otras características físicas |
mapas, gráficas ; |
| Dimensiones |
21 cm |
| 336 ## - TIPO DE CONTENIDO |
| Término de tipo de contenido |
texto |
| Código de tipo de contenido |
txt |
| Fuente |
rdacontent |
| 337 ## - TIPO DE MEDIO |
| Nombre/término del tipo de medio |
sin medio |
| Código del tipo de medio |
n |
| Fuente |
rdamedia |
| 338 ## - TIPO DE SOPORTE |
| Nombre/término del tipo de soporte |
volumen |
| Código del tipo de soporte |
nc |
| Fuente |
rdacarrier |
| 504 ## - NOTA DE BIBLIOGRAFÍA, ETC. |
| Nota de bibliografía, etc. Nota |
Incluye referencias bibliográficas al final de cada artículo |
| 505 ## - NOTA DE CONTENIDO CON FORMATO |
| Nota de contenido con formato |
Contenido: |
| Título |
1. Políticas públicas contra la obesidad y las enfermedades crónico-degenerativas: condicionantes estructurales e implicaciones para la salud pública en México / |
| Mención de responsabilidad |
Abraham Granados Martínez |
| Título |
2. Salud mental durante la pandemia en México entre poblaciones. Un analisis interseccional usando la ENBIARE / |
| Mención de responsabilidad |
Ana Escoto Castillo e Iván Alcántara Santoyo |
| Título |
Vulnerabilidad y discriminación en el acceso a la salud entre las mujeres mexicanas / |
| Mención de responsabilidad |
Uberto Salgado Nieto, Ulises Sánchez Guerrero y Lilia Enríquez Valencia |
| Título |
Gasto en cuidados de la salud en México. Un analisis según la clase de hogar donde residen / |
| Mención de responsabilidad |
Sebastián Antonio Jiménez Solís e Isalia Nava Bolaños |
| Título |
Las políticas públicas contra la obesidad y las enfermedaes crónicas degenerativas en México: condicionantes estructurales e implicaciones para la salud pública / |
| Mención de responsabilidad |
Agustín Rojas Martínez |
| Título |
Vulnerabilidad en salud y su relación con las condiciones laborales en México. Un analisis por región, 2021 / |
| Mención de responsabilidad |
Yulina Gabriela Román Sánchez y Rosa Elvira Cedillo Villar |
| Título |
Colima: retos y oportunidades en materia de política pública y vulnerabilidad en salud de hombres y mujeres / |
| Mención de responsabilidad |
José Manuel Orozco Plascencia |
| Título |
Condiciones actuales de salud: mujeres de 50 años y más en la ZMVM / |
| Mención de responsabilidad |
Cielo Yolátl Domínguez Aparicio y Rubén Regalado Rosas |
| 541 ## - NOTA DE FUENTE DE ADQUISICIÓN DIRECTA |
| Fuente de adquisición |
UNAM IIEconómicas |
| Forma de adquisición |
Canje |
| 650 #7 - PUNTO DE ACCESO ADICIONAL DE MATERIA--TÉRMINO DE MATERIA |
| Término de materia o nombre geográfico como elemento de entrada |
COVID-19 (enfermedad) |
| 9 (RLIN) |
204516 |
| 650 #7 - PUNTO DE ACCESO ADICIONAL DE MATERIA--TÉRMINO DE MATERIA |
| Término de materia o nombre geográfico como elemento de entrada |
Salud pública |
| Subdivisión geográfica |
México |
| Subdivisión general |
Aspectos económicos |
| 9 (RLIN) |
207691 |
| 650 #7 - PUNTO DE ACCESO ADICIONAL DE MATERIA--TÉRMINO DE MATERIA |
| Término de materia o nombre geográfico como elemento de entrada |
Salud pública |
| Subdivisión geográfica |
México |
| Subdivisión general |
Aspectos sociales |
| 9 (RLIN) |
207690 |
| 700 1# - ENTRADA AGREGADA--NOMBRE PERSONAL |
| Nombre de persona |
Alcántara Santoyo, Iván |
| Término indicativo de función/relación |
autor |
| 9 (RLIN) |
207276 |
| 700 1# - ENTRADA AGREGADA--NOMBRE PERSONAL |
| Nombre de persona |
Escoto Castillo, Ana |
| Término indicativo de función/relación |
autor |
| 9 (RLIN) |
207275 |
| 700 1# - ENTRADA AGREGADA--NOMBRE PERSONAL |
| Nombre de persona |
Granados Martínez, Abraham |
| Término indicativo de función/relación |
coordinador |
| 9 (RLIN) |
207274 |
| 700 1# - ENTRADA AGREGADA--NOMBRE PERSONAL |
| Nombre de persona |
Uberto Salgado Nieto |
| Término indicativo de función/relación |
autor |
| 9 (RLIN) |
207277 |
| 710 2# - ENTRADA AGREGADA--NOMBRE DE ENTIDAD CORPORATIVA |
| Nombre de entidad corporativa o nombre de jurisdicción como elemento de entrada |
Universidad Nacional Autónoma de México |
| Unidad subordinada |
Instituto de Investigaciones Económicas |
| Término indicativo de función/relación |
organismo emisor |
| 9 (RLIN) |
6217 |
| 900 ## - ELEMENTOS DE DATOS A LOCAL, LDA (RLIN) |
| Nombre de persona |
Luis Manuel Hernández |
| Numeración |
Chávez Lorenzo, María de Lourdes |
| 942 ## - ELEMENTOS DE ENTRADA SECUNDARIOS (KOHA) |
| Fuente del sistema de clasificación o colocación |
Clasificación Decimal Dewey |
| Tipo de ítem Koha |
Libro |
| 901 ## - ELEMENTOS DE DATOS A LOCAL LDA (RLIN) |
| a |
CRON CRON |